000 00754nam a2200229Ii 4500
003 JO-AjNU
008 230605s9999||||xx |||||||||||||| ||und||
017 _a2006/6/1461
040 _aJO-AjNU
_bara
_erda
_cJO-AjNU
041 _aara
050 1 4 _aBP178 2006
100 3 _aعياد، عبد الحكيم,
_eauthor
_97558
245 0 0 _aالطهارة والصلاة
250 _aط1
264 3 1 _aعمان: دار الاسراء للنشر والتوزيع، 2006
300 _a88ص
336 _atext
_btxt
_2rdacontent
337 _aunmediated
_bn
_2rdamedia
338 _avolume
_bnc
_2rdacarrier
490 0 _aالفتاوى الصغرى(الطهارة والصلاة)
650 4 _aالفقه الاسلامي- الطهارة- الصلاة
_97559
999 _aA340
_c3908
_d3908